000 00412nam a2200193Ia 4500
003 0100
008 130303s9999 xx 000 0 und d
040 _cARRUPELIB
050 _aHM51.L521989
100 _aLight, Donald
245 _aSociology
250 _a5th
260 _aNY
260 _bAlfred A.Knopf
260 _C1989
300 _a706p
700 _aKeller, SuzanneCalhoun, Craig
942 0 0 _04
999 _c21423
_d21423